000 00678nam a2200193 a 4500
001 000043852
005 20201002045015.0
008 140507s1986 sp 000 0 spa d
020 _a8460045803
040 _aDO-SdBNP
_bspa
_cBNPHU
082 _axxxx
_bxxxx
100 1 _aSerra, Cristóbal,
_c1922-
_971716
245 1 0 _aCon un solo ojo /
_cCristóbal Serra ; introducción de Pere Gimferrer.
260 _a[Palma de Mallorca] :
_bEdicions Arxipèlag, Universitat de les Illes Balears, Servei de Publicacions,
_c1986.
300 _a71 p. :
_bil. ;
_c18 cm.
490 1 _aLibros encontrados
_v6
700 1 2 _aGimferrer, Pere
_etr.
_99888
830 0 _aLibros encontrados ;
_n6
_971717
999 _c43341
_d43341